| 000 | 00452nam a22001217a 4500 | ||
|---|---|---|---|
| 040 | _cSK | ||
| 082 | _a608 | ||
| 100 | _aSAM SARON; សំ សារ៉ន | ||
| 245 | _aLes principales maladies des volailles leu prevention et controle; ជំងឺសំខាន់ៗរបស់បក្សី វិធានការណ៍ការពារនិងត្រួតពិនិត្យ | ||
| 260 |
_aRUA _bSAM _c1994 |
||
| 300 | _a69p. | ||
| 942 | _cKB | ||
| 999 |
_c9044 _d9044 |
||